Le quiz des années 2010 - Statistiques

Statistiques générales
  • Ce quiz a été pris 89 532 fois
  • Le résultat moyen est 19 sur 30
Statistiques - réponses
Question Réponse % Correct
Chanteur belge auteur de l'album Racine carrée en 2013 dans lequel figurent des titres comme Papaoutai, Tous les mêmes ou Formidable Stromae
92%
Salle de spectacle parisienne cible d'un attentat terroriste le 13 novembre 2015 Le Bataclan
91%
Mouvement de protestation apparu en France en octobre 2018 suite à une augmentation du prix des carburants automobiles Les Gilets jaunes
90%
Réseau social créé en 2010 et appartenant à Facebook depuis 2012 Instagram
87%
Film d'animation Disney sorti en 2013 dont la chanson Libérée, délivrée est devenue populaire La Reine des neiges
85%
Groupe de hip-hop composé de 8 membres dont Gims, Black M ou Lefa, qui a sorti son premier album en mars 2010 Sexion d'assaut
81%
Cryptomonnaie dont les cours atteignent un seuil historique en décembre 2017 Le Bitcoin
80%
Star de la chanson française qui décède le 5 décembre 2017 Johnny Hallyday
78%
Pays que bat la France en finale de la Coupe du monde de football 2018 La Croatie
78%
Judoka français qui a ajouté un dixième titre de champion du monde à son palmarès en 2017 Teddy Riner
76%
Sorte de toupie à la mode en 2017, créée au départ pour lutter contre l'anxiété des enfants autistes Le hand spinner
71%
Pilote de Formule 1 victime d'un grave accident de ski en décembre 2013 Michael Schumacher
69%
Quartier de Séoul rendu célèbre par le succès d'une chanson de Psy en 2012 Gangnam
66%
Presqu'île disputée entre l'Ukraine et la Russie qui est rattachée à cette dernière depuis un référundum controversé en 2014 La Crimée
66%
Civilisation qui aurait prédit la fin du monde pour le 21 décembre 2012 selon des rumeurs de l'époque Les Mayas
66%
Expression donnée aux nombreux mouvements de contestations populaires dans les pays du monde arabe à partir de décembre 2010 Le "Printemps arabe"
64%
Film américain produit par Marvel Studios ayant réalisé le meilleur démarrage de l'histoire du cinéma en 2019 Avengers : Endgame
61%
Tennisman qui atteint la première place mondiale pour la première fois le 4 juillet 2011 Novak Djokovic
60%
Ancienne application mobile de Twitter qui hébergeait des vidéos d'une durée de 6 secondes jusqu'en 2016 Vine
60%
Réalisateur de plusieurs films à succès durant cette décennie, dont notamment Inception (2010) et Interstellar (2014) Christopher Nolan
53%
Émission de télévision culinaire diffusée sur TF1 de 2010 à 2015 Masterchef
51%
Acteur américain à qui rend hommage Wiz Khalifa en 2015 avec le titre See You Again Paul Walker
51%
Jeu vidéo sorti en 2011 devenu le jeu le plus vendu de l'histoire en 2020 Minecraft
50%
Film sorti en 2011 qui était devenu le film français le plus vu au monde avant la sortie de Lucy en 2014 Intouchables
49%
Biathlète français ayant remporté 7 fois le classement général de la Coupe du monde de 2012 à 2018 Martin Fourcade
44%
Célèbre anaphore de François Hollande lors du débat de l'entre-deux-tours des élections présidentielles de 2012 "Moi président de la République"
39%
Émission de divertissement créée par Laurent Ruquier et diffusée sur France 2 jusqu'en 2014 qui a révélé des humoristes comme Arnaud Tsamère, Olivier de Benoist, Nicole Ferroni ou encore Pierre Croce On n'demande qu'à en rire
37%
Ancien président américain à qui fait référence le slogan "Make America Great Again" de Donald Trump lors des élections présidentielles américaines de 2016 Ronald Reagan
33%
Chanson du DJ américain Baauer devenue populaire grâce à un phénomène viral sur Youtube en 2013 Harlem Shake
28%
Ville sud-africaine où les joueurs de l'Équipe de France de football ont décidé de faire grève pendant la Coupe du monde 2010 Knysna
21%
Aucun quiz correspondant
Distribution des résultats
% des personnes avec chaque résultat
Percentile par nombre de réponses
Votre historique - résultats
Vous n’avez pas pris ce quiz